Comparative reasoning in international courts and tribunals / (Record no. 6770)

MARC details
000 -LEADER
fixed length control field 03364cam a2200565 i 4500
001 - CONTROL NUMBER
control field on1081375981
003 - CONTROL NUMBER IDENTIFIER
control field TZ-ArACH
005 - DATE AND TIME OF LATEST TRANSACTION
control field 20230921114423.0
008 - FIXED-LENGTH DATA ELEMENTS--GENERAL INFORMATION
fixed length control field 181219s2019 enk b 001 0 eng
010 ## - LIBRARY OF CONGRESS CONTROL NUMBER
LC control number 2018060750
015 ## - NATIONAL BIBLIOGRAPHY NUMBER
National bibliography number GBB9B2641
Source bnb
016 7# - NATIONAL BIBLIOGRAPHIC AGENCY CONTROL NUMBER
Record control number 019444583
Source Uk
020 ## - INTERNATIONAL STANDARD BOOK NUMBER
International Standard Book Number 9781108415477
Qualifying information (alk. paper)
020 ## - INTERNATIONAL STANDARD BOOK NUMBER
International Standard Book Number 1108415474
Qualifying information (alk. paper)
020 ## - INTERNATIONAL STANDARD BOOK NUMBER
International Standard Book Number 9781108401470
Qualifying information (paperback)
020 ## - INTERNATIONAL STANDARD BOOK NUMBER
International Standard Book Number 1108401473
Qualifying information (paperback)
020 ## - INTERNATIONAL STANDARD BOOK NUMBER
Cancelled/invalid ISBN 9781108246446 (PDF ebook)
035 ## - SYSTEM CONTROL NUMBER
System control number (OCoLC)1081375981
040 ## - CATALOGING SOURCE
Original cataloging agency DLC
Language of cataloging eng
Description conventions rda
Transcribing agency TZ-ArACH
042 ## - AUTHENTICATION CODE
Authentication code pcc
049 ## - LOCAL HOLDINGS (OCLC)
Holding library TZAA
050 00 - LIBRARY OF CONGRESS CALL NUMBER
Classification number KZ6269
Item number .P43 2019
100 1# - MAIN ENTRY--PERSONAL NAME
Personal name Peat, Daniel,
Relator term author.
245 10 - TITLE STATEMENT
Title Comparative reasoning in international courts and tribunals /
Statement of responsibility, etc Daniel Peat, Leiden University.
260 ## - PUBLICATION, DISTRIBUTION, ETC. (IMPRINT)
Place of publication, distribution, etc Cambridge, United Kingdom :
Name of publisher, distributor, etc Cambridge University Press,
Date of publication, distribution, etc 2019.
300 ## - PHYSICAL DESCRIPTION
Extent xxv, 258 pages ;
Dimensions 24 cm.
490 1# - SERIES STATEMENT
Series statement Cambridge studies in international and comparative law ;
Volume number/sequential designation 145
504 ## - BIBLIOGRAPHY, ETC. NOTE
Bibliography, etc Includes bibliographical references (page 222-248) and index.
505 00 - FORMATTED CONTENTS NOTE
Title The limits of the Vienna Convention --
-- Domestic law in the jurisprudence of the International Court of Justice --
-- The interpretation of schedules of commitments in the WTO --
-- International investment law and the public law analogy --
-- Consensus doctrine in the European Court of Human Rights --
-- Domestic law and system building in the ICTY.
520 ## - SUMMARY, ETC.
Summary, etc "Domestic law has long been recognised as a source of international law, an inspiration for legal developments, or the benchmark against which a legal system is to be assessed. Academic commentary normally re-traces these well-trodden paths, leaving one with the impression that the interaction between domestic and international law is unworthy of further enquiry. However, a different - and surprisingly pervasive - nexus between the two spheres has been largely overlooked: the use of domestic law in the interpretation of international law. This book examines the practice of five international courts and tribunals to demonstrate that domestic law is invoked to interpret international law, often outside the framework of Articles 31 to 33 of the Vienna Convention on the Law of Treaties. It assesses the appropriateness of such recourse to domestic law as well as situating the practice within broader debates regarding interpretation and the interaction between domestic and international legal systems."--
650 #0 - SUBJECT ADDED ENTRY--TOPICAL TERM
Topical term or geographic name as entry element International courts
General subdivision Rules and practice.
9 (RLIN) 163
650 #0 - SUBJECT ADDED ENTRY--TOPICAL TERM
Topical term or geographic name as entry element Law
General subdivision Methodology.
9 (RLIN) 3057
650 #0 - SUBJECT ADDED ENTRY--TOPICAL TERM
Topical term or geographic name as entry element International and municipal law.
650 #0 - SUBJECT ADDED ENTRY--TOPICAL TERM
Topical term or geographic name as entry element Comparative law.
650 #6 - SUBJECT ADDED ENTRY--TOPICAL TERM
Topical term or geographic name as entry element Tribunaux internationaux
General subdivision Reglements et procedure.
650 #6 - SUBJECT ADDED ENTRY--TOPICAL TERM
Topical term or geographic name as entry element Droit international et droit interne.
650 #6 - SUBJECT ADDED ENTRY--TOPICAL TERM
Topical term or geographic name as entry element Droit compare.
650 #7 - SUBJECT ADDED ENTRY--TOPICAL TERM
Topical term or geographic name as entry element Law
General subdivision Methodology.
Source of heading or term fast
9 (RLIN) 3057
650 #7 - SUBJECT ADDED ENTRY--TOPICAL TERM
Topical term or geographic name as entry element Comparative law.
Source of heading or term fast
650 #7 - SUBJECT ADDED ENTRY--TOPICAL TERM
Topical term or geographic name as entry element International and municipal law.
Source of heading or term fast
650 #7 - SUBJECT ADDED ENTRY--TOPICAL TERM
Topical term or geographic name as entry element International courts.
Source of heading or term fast
650 #7 - SUBJECT ADDED ENTRY--TOPICAL TERM
Topical term or geographic name as entry element International courts.
Source of heading or term pplt
650 #7 - SUBJECT ADDED ENTRY--TOPICAL TERM
Topical term or geographic name as entry element International law and national law.
Source of heading or term pplt
650 #7 - SUBJECT ADDED ENTRY--TOPICAL TERM
Topical term or geographic name as entry element Interpretation.
Source of heading or term pplt
650 #7 - SUBJECT ADDED ENTRY--TOPICAL TERM
Topical term or geographic name as entry element Comparative law.
Source of heading or term pplt
655 #7 - INDEX TERM--GENRE/FORM
Genre/form data or focus term Rules.
Source of term fast
776 08 - ADDITIONAL PHYSICAL FORM ENTRY
Display text ebook version :
International Standard Book Number 9781108246446
830 #0 - SERIES ADDED ENTRY--UNIFORM TITLE
Uniform title Cambridge studies in international and comparative law (Cambridge, England : 1996) ;
Volume number/sequential designation 145.
9 (RLIN) 706
942 ## - ADDED ENTRY ELEMENTS (KOHA)
Source of classification or shelving scheme Library of Congress Classification
Koha item type Books
Holdings
Home library Current library Date acquired Full call number Barcode Koha item type
African Court on Human and Peoples' Rights Library African Court on Human and Peoples' Rights Library 21/09/2023 KZ6269 .P43 2019 10188347 Books
African Court on Human and Peoples' Rights Library African Court on Human and Peoples' Rights Library 21/09/2023 KZ6269 .P43 2019 10188479 Books

African Court on Human and Peoples' Rights | For Inquiries Contact » +255 272 510 510